| 000 | 00848nam a22002297a 4500 | ||
|---|---|---|---|
| 999 |
_c4567 _d4567 |
||
| 003 | AR-CdUCM | ||
| 008 | 190311b ||||| |||| 00| 0 spa d | ||
| 040 |
_aMUNICIPALIDAD PROVINCIAL DEL CUSCO _cBIBLIOTECA MUNICIPAL DEL CUSCO |
||
| 082 |
_a868.6018 / _bM86 |
||
| 100 |
_aMoreno Baez, Enrique _914276 |
||
| 245 | _aAntología de la poesía española contemporánea | ||
| 260 |
_aEspaña : _bSalvat, _c1970. |
||
| 300 |
_a198 paginas ; _c16 cm. |
||
| 440 |
_aLibro RTV _n92 _914277 |
||
| 505 | _aContenido : Miguel de Unamuno -- I Castilla -- José María Gabríel y Galán -- El alma -- Manuel Machado -- Castilla ... | ||
| 650 |
_aPoesía universal _912472 |
||
| 650 |
_aLiteratura Universal _9611 |
||
| 650 |
_aAntología de la poesía española _914278 |
||
| 710 |
_aBiblioteca básica salvat _914279 |
||
| 942 |
_2ddc _cLIBROS |
||
| 945 | _arah | ||